Score 0/10 Timer 04:00
0 Plays Today
School % Correct
Bath
88%
Celina
88%
Defiance
88%
Wapakoneta
88%
Kenton
84%
Shawnee
84%
Elida
80%
Ottawa-Glandorf
80%
St Marys
80%
Van Wert
80%
Remove Ads.
Support Sporcle.
Get the best of Sporcle when you Go Orange. This ad-free experience offers more features, more stats, and more fun while also helping to support Sporcle. Thank you for becoming a member.

You're not logged in!

Compare scores with friends on all Sporcle quizzes.
OR
Log In

Show Comments

Extras

Top Quizzes Today


Score Distribution

Your Account Isn't Verified!

In order to create a playlist on Sporcle, you need to verify the email address you used during registration. Go to your Sporcle Settings to finish the process.

Report this User

Report this user for behavior that violates our Community Guidelines.

Details: